| 000 | 01208cam a22003494a 4500 | ||
|---|---|---|---|
| 999 |
_c34986 _d34986 |
||
| 001 | 14851498 | ||
| 003 | OSt | ||
| 005 | 20200131150029.0 | ||
| 008 | 070328s2007 ii b 000 0 eng | ||
| 010 | _a 2007393068 | ||
| 020 | _a8188789496 | ||
| 025 | _aI-E-2007-393068; 61-91; 56-08 | ||
| 037 |
_bLibrary of Congress -- New Delhi Overseas Office _cRs375.00 ($20.00 U.S.) |
||
| 040 |
_aDLC _coclc |
||
| 042 | _alcode | ||
| 043 | _aaz----- | ||
| 050 | 0 | 0 |
_aDS339.2 _b.M44 2007 |
| 082 |
_a305.0954 _bMEE/I |
||
| 100 |
_aMeeto _d-2006. _91709 |
||
| 245 | 1 | 0 |
_aIn the making : _bidentity formation in South Asia / _cMeeto |
| 250 | _a1st ed. | ||
| 260 |
_aNew Delhi : _bThree Essays Collective, _c2007. |
||
| 300 |
_axviii, 137 p. ; _c23 cm. |
||
| 504 | _aIncludes bibliographical references. | ||
| 520 | _aArticles with reference to South Asia. | ||
| 650 | 0 |
_aGroup identity _zSouth Asia _xHistoriography. |
|
| 651 | 0 |
_aSouth Asia _xEthnic relations _xHistoriography. |
|
| 651 | 0 |
_aSouth Asia _xCivilization _y19th century. |
|
| 906 |
_a7 _bcbc _corigode _d3 _encip _f20 _gy-gencatlg |
||
| 942 |
_2ddc _cBK _h305.0954 _iMEE/I _k305.0954 _mMEE/I |
||